Quick Pick: Romantic Comedies Quiz Stats

 Plays Quiz Updated Feb 14, 2019

Support Sporcle.
Go Orange.
Score 0/15 Timer 01:00
0 Plays Today
% Correct
Alabama
97.6%
Virgin
97.5%
Bridget
97.4%
Met
97.4%
Two
97.4%
Hate
97.3%
Never
97.3%
Best
97.2%
% Correct
Crazy
96.9%
Mail
96.8%
About
96.7%
Days
96.6%
Along
95.7%
Wedding
95.2%
Shallow
92.6%

Today's Daily Dose

Missing Word
90s UK #1s

Word Ladder
Full Score

Quick Pick
Prime Books

Get the Picture
Big 4 'P' All-Stars

From the Vault

'W' in the Middle

by nspyred

Funny how some 'W's wedge their way into otherwise 'W'-less words.
Remove Ads.
Support Sporcle.
Get the best of Sporcle when you Go Orange. This ad-free experience offers more features, more stats, and more fun while also helping to support Sporcle. Thank you for becoming a member.

Show Comments

Extras

Top Quizzes Today


Score Distribution

Your Account Isn't Verified!

In order to create a playlist on Sporcle, you need to verify the email address you used during registration. Go to your Sporcle Settings to finish the process.

Report this User

Report this user for behavior that violates our Community Guidelines.

Details: